000 00228nam a2200097Ia 4500
008 190216s9999||||xx |||||||||||||| ||und||
100 _aDr.S K Bhogle
245 0 _aPrinciples Of Public Administration
260 _bNull
942 _cBK
999 _c4721
_d4721